| 000 | 01198nam a22002537a 4500 | ||
|---|---|---|---|
| 005 | 20170124103106.0 | ||
| 010 | _aB-117145 | ||
| 020 |
_c100.00 _a8171198791 |
||
| 035 | _aB-117145 | ||
| 037 | _bCen Lib/Ret | ||
| 040 |
_aDPL _bHN |
||
| 082 |
_a823.08 _bसुरेश |
||
| 100 |
_aसुरेश कान्त _978273 |
||
| 245 |
_aहिन्दी गद्य लेखन में व्यंग्य और विचार / _cसुरेश कान्त |
||
| 246 |
_aHindi gadya lekhan mein vyangay aur vichar / _bby Suresh kant |
||
| 260 |
_aदिल्ली _bराधाकृष्ण प्रकाशन _c2004 |
||
| 270 |
_aज़ी-17, जगत पूरी _bदिल्ली _e110051 |
||
| 300 |
_avii, 382पृ. _c21सेमी (सजिल्द) |
||
| 650 |
_aहिन्दी साहित्य--व्यंग्य-संकलन _978274 |
||
| 650 |
_aनवजागरणकालीन--विवेचन विश्लेषण _978275 |
||
| 650 |
_aHindi literature--Squid-compilation _978276 |
||
| 650 |
_aNavjagrnkalin--interpretation analysis _978277 |
||
| 942 |
_2ddc _cHN _h823.08 _mसुरेश |
||
| 999 |
_c118087 _d118087 |
||